000 00559nam a22001457a 4500
005 20250207172321.0
008 241109b |||||||| |||| 00| 0 eng d
100 _aAigner, Karine.
_eauthor.
_963873
245 _aLiberty, New York :
_bthe cost of coyotes /
_cKarine Aigner.
260 _aWashington ;
_bNational Geographic Partners, LLC.,
_cDecember 2022.
300 _avolume 241, pages 124-125,
_billustration.
500 _aNational Geographic, v. 242, n. 12, pages 124-125, December 2022.
700 _aAigner, Karine.
_eauthor.
_963873
942 _2ddc
_cPER
999 _c23127
_d23127